[Event "Scarborough CC ch"]
[Site "Toronto CAN"]
[Date "2010.02.25"]
[Round "1"]
[White "Casareno, Erwin"]
[Black "Lamb, Bryan"]
[Result "1-0"]
[WhiteElo "2181"]
[BlackElo "2214"]
[PlyCount "82"]
[EventDate "2010.02.25"]
[EventType "tourn"]
[EventRounds "9"]
[EventCountry "CAN"]

1. e4 c5 2. Nf3 Nc6 3. Nc3 g6 4. d4 cxd4 5. Nxd4 Bg7 6. Be3 Nf6 7. Be2 O-O 8.
O-O d5 9. exd5 Nxd5 10. Nxd5 Nxd4 11. Bxd4 Qxd5 12. Bxg7 Qxd1 13. Rfxd1 Kxg7
14. c4 Be6 15. Rd4 Rfd8 16. Rad1 Rxd4 17. Rxd4 Rc8 18. f4 Rc7 19. Kf2 b5 20. b3
bxc4 21. Bxc4 Bxc4 22. bxc4 Kf6 23. Ke3 Rc5 24. g3 Ke6 25. Re4+ Kd6 26. Kd4 Ra5
27. Re2 h5 28. Kc3 e5 29. Kb4 Rc5 30. fxe5+ Rxe5 31. Rd2+ Kc6 32. a4 h4 33. a5
h3 34. Rf2 f5 35. g4 fxg4 36. Rf6+ Kb7 37. Rxg6 Re2 38. a6+ Kc7 39. Rxg4 Rxh2
40. Kc5 Rg2 41. Rh4 h2 1-0

[Event "Scarborough CC ch"]
[Site "Toronto CAN"]
[Date "2010.02.25"]
[Round "1"]
[White "Hacatoglu, Kevork"]
[Black "Ferreira, Alex"]
[Result "1-0"]
[WhiteElo "2212"]
[BlackElo "2057"]
[PlyCount "43"]
[EventDate "2010.02.25"]
[EventType "tourn"]
[EventRounds "9"]
[EventCountry "CAN"]

1. d4 d5 2. Bg5 c6 3. Nf3 Qb6 4. Qc1 Bf5 5. c4 dxc4 6. Nc3 Nf6 7. e3 Na6 8.
Bxc4 Nb4 9. O-O Nd3 10. Qb1 Nxb2 11. Bxf7+ Kxf7 12. Qxf5 Nc4 13. Ne5+ Nxe5 14.
dxe5 e6 15. Qf3 Qb4 16. Bxf6 Qxc3 17. Bxg7+ Kxg7 18. Qf6+ Kg8 19. Qxe6+ Kg7 20.
Rad1 Bd6 21. Rxd6 Rhe8 22. Rd7+ 1-0

[Event "Scarborough CC ch"]
[Site "Toronto CAN"]
[Date "2010.02.25"]
[Round "1"]
[White "Moffat, Andrei"]
[Black "Peng, Bill"]
[Result "0-1"]
[WhiteElo "2289"]
[BlackElo "2186"]
[PlyCount "100"]
[EventDate "2010.02.25"]
[EventType "tourn"]
[EventRounds "9"]
[EventCountry "CAN"]

1. e4 c5 2. Nf3 d6 3. d4 cxd4 4. Nxd4 Nf6 5. Nc3 g6 6. Be3 Bg7 7. f3 O-O 8. Qd2
Nc6 9. O-O-O Bd7 10. g4 Rc8 11. g5 Nh5 12. Nxc6 bxc6 13. Bd4 Bxd4 14. Qxd4 Qb6
15. Qxb6 axb6 16. Be2 Be6 17. Kd2 b5 18. a3 Nf4 19. Ke3 Nh3 20. f4 f6 21. gxf6
Rxf6 22. e5 dxe5 23. fxe5 Rf5 24. Bg4 Rxe5+ 25. Kd4 Bxg4 26. Kxe5 Nf2 27. Rd4
Rf8 28. Rxg4 Nxg4+ 29. Ke6 Rf2 30. h4 Rxc2 31. h5 Kg7 32. Rh4 Rg2 33. Kxe7 g5
34. Rh1 Kh6 35. Kd6 Rxb2 36. Ne4 Nf2 37. Nxf2 Rxf2 38. Kxc6 Rf3 39. Kxb5 Rxa3
40. Kc4 g4 41. Kd4 Rf3 42. Ke4 Rf8 43. Ke3 Kg5 44. Ke2 h6 45. Ke3 g3 46. Ke2
Kg4 47. Ra1 g2 48. Ra4+ Kh3 49. Ra3+ Kh2 50. Ra4 g1=Q 0-1

[Event "Scarborough CC ch"]
[Site "Toronto CAN"]
[Date "2010.02.25"]
[Round "1"]
[White "Pedersen, Rune"]
[Black "Hall, John"]
[Result "1-0"]
[WhiteElo "2340"]
[BlackElo "2238"]
[PlyCount "100"]
[EventDate "2010.02.25"]
[EventType "tourn"]
[EventRounds "9"]
[EventCountry "CAN"]

1. e4 e5 2. Nf3 Nc6 3. Nc3 Nf6 4. g3 d5 5. exd5 Nd4 6. Bg2 Bg4 7. h3 Bxf3 8.
Bxf3 Nxf3+ 9. Qxf3 Bb4 10. d3 Qxd5 11. Qxd5 Nxd5 12. Bd2 O-O-O 13. a3 Bxc3 14.
bxc3 Rhe8 15. c4 Nb6 16. f3 f5 17. O-O-O e4 18. fxe4 fxe4 19. Rhe1 exd3 20.
Rxe8 Rxe8 21. cxd3 Rf8 22. Re1 Kd7 23. Bf4 Rf5 24. Re5 Rxe5 25. Bxe5 g6 26. Kd2
c6 27. Ke3 Ke6 28. Bd4 Nc8 29. Kf4 h5 30. Kg5 Kf7 31. Bf6 Nb6 32. Bd4 Nc8 33.
g4 hxg4 34. hxg4 b6 35. a4 c5 36. Bf6 Nd6 37. Be5 Nc8 38. Bf6 Nd6 39. Be5 Nc8
40. Bb8 Kg7 41. Bc7 Kf7 42. a5 bxa5 43. Bxa5 Ne7 44. Be1 Nc6 45. Bf2 Nd4 46.
Bxd4 cxd4 47. Kf4 Kf6 48. c5 a5 49. Ke4 a4 50. Kxd4 Ke6 1-0

[Event "Scarborough CC ch"]
[Site "Toronto CAN"]
[Date "2010.02.25"]
[Round "1"]
[White "Sellars, Karl"]
[Black "Yuan, Yuanling"]
[Result "0-1"]
[WhiteElo "2227"]
[BlackElo "2323"]
[PlyCount "71"]
[EventDate "2010.02.25"]
[EventType "tourn"]
[EventRounds "9"]
[EventCountry "CAN"]

1. e4 c5 2. c3 d5 3. exd5 Qxd5 4. d4 Nf6 5. Nf3 Bg4 6. Be2 e6 7. O-O Nc6 8. c4
Qd8 9. dxc5 Bxc5 10. Nc3 O-O 11. a3 a5 12. Na4 Ba7 13. Qb3 Qc7 14. Be3 Nd7 15.
Bxa7 Rxa7 16. Qe3 b6 17. Rac1 Rb7 18. h3 Bf5 19. Nh4 Ne7 20. g4 Bg6 21. f4 Nf6
22. Nxg6 Nxg6 23. Nc3 Rbb8 24. Nb5 Qe7 25. Rfd1 e5 26. f5 Nf4 27. Bf1 Nd7 28.
Kf2 Nc5 29. b4 axb4 30. axb4 Na6 31. Rd6 Rfd8 32. Rcd1 Nxb4 33. Kg3 Nc6 34. Qe4
Rxd6 35. Rxd6 Na7 36. Nc3 0-1

[Event "Scarborough CC ch"]
[Site "Toronto CAN"]
[Date "2010.03.04"]
[Round "2"]
[White "Ferreira, Alex"]
[Black "Sellars, Karl"]
[Result "0-1"]
[WhiteElo "2057"]
[BlackElo "2227"]
[PlyCount "69"]
[EventDate "2010.02.25"]
[EventType "tourn"]
[EventRounds "9"]
[EventCountry "CAN"]

1. e4 e6 2. d4 d5 3. Nc3 Bb4 4. e5 c5 5. a3 Bxc3+ 6. bxc3 Ne7 7. a4 Qa5 8. Bd2
O-O 9. Bd3 Nbc6 10. f4 c4 11. Be2 Bd7 12. Nf3 f6 13. O-O fxe5 14. fxe5 Qc7 15.
Qe1 Ng6 16. Qg3 Nce7 17. h4 Rf5 18. h5 Rxh5 19. Ng5 Rh4 20. Rf7 Nf5 21. Qf2 Qc6
22. g3 Re4 23. Bh5 Nh8 24. Nxe4 dxe4 25. Rxd7 Qxd7 26. Be2 Qc6 27. g4 Ne7 28.
Qf1 Rf8 29. Qh3 Nhg6 30. Rf1 Qxa4 31. Rxf8+ Nxf8 32. Bd1 Nd5 33. g5 e3 34. g6
hxg6 35. Be1 0-1

[Event "Scarborough CC ch"]
[Site "Toronto CAN"]
[Date "2010.03.04"]
[Round "2"]
[White "Hall, John"]
[Black "Moffat, Andrei"]
[Result "1-0"]
[WhiteElo "2238"]
[BlackElo "2289"]
[PlyCount "37"]
[EventDate "2010.02.25"]
[EventType "tourn"]
[EventRounds "9"]
[EventCountry "CAN"]

1. d4 d5 2. Nf3 Nc6 3. c4 Bg4 4. cxd5 Bxf3 5. gxf3 Qxd5 6. e3 e5 7. Nc3 Bb4 8.
Bd2 Bxc3 9. bxc3 Nf6 10. c4 Qd6 11. d5 Ne7 12. Rb1 b6 13. Bb4 Qd7 14. h4 O-O
15. Bh3 Qd8 16. d6 cxd6 17. Bxd6 Nd7 18. Bxe7 Qxe7 19. Qxd7 1-0

[Event "Scarborough CC ch"]
[Site "Toronto CAN"]
[Date "2010.03.04"]
[Round "2"]
[White "Lamb, Bryan"]
[Black "Pedersen, Rune"]
[Result "1-0"]
[WhiteElo "2214"]
[BlackElo "2340"]
[PlyCount "69"]
[EventDate "2010.02.25"]
[EventType "tourn"]
[EventRounds "9"]
[EventCountry "CAN"]

1. c4 e5 2. Nc3 Nf6 3. Nf3 Nc6 4. d4 exd4 5. Nxd4 Bb4 6. e3 O-O 7. Be2 d5 8.
cxd5 Nxd5 9. Nxc6 bxc6 10. Qc2 Qf6 11. Bd2 Bf5 12. e4 Nxc3 13. bxc3 Rfe8 14.
exf5 Qe5 15. Qd3 Rad8 16. Qf3 Rxd2 17. Kxd2 Qd4+ 18. Kc2 Qc5 19. Rhd1 h6 20.
Rd7 Ba5 21. Kd2 Qa3 22. Rd1 Qxa2+ 23. Ke1 Kh7 24. Kf1 Qb2 25. Rd8 Rxd8 26. Rxd8
Bxc3 27. Qd3 Qc1+ 28. Bd1 Bf6 29. Re8 a5 30. g3 Qc5 31. Kg1 Qd5 32. Qc2 c5 33.
Bh5 c4 34. Bg6+ fxg6 35. fxg6# 1-0

[Event "Scarborough CC ch"]
[Site "Toronto CAN"]
[Date "2010.03.04"]
[Round "2"]
[White "Peng, Bill"]
[Black "Hacatoglu, Kevork"]
[Result "1-0"]
[WhiteElo "2186"]
[BlackElo "2212"]
[PlyCount "97"]
[EventDate "2010.02.25"]
[EventType "tourn"]
[EventRounds "9"]
[EventCountry "CAN"]

1. c4 b6 2. Nf3 Bb7 3. d4 e6 4. Nc3 Bb4 5. e3 f5 6. Bd3 Nf6 7. O-O O-O 8. Bd2
Bxc3 9. Bxc3 Ne4 10. Nd2 Qh4 11. Bb4 Nxd2 12. Bxd2 Rf6 13. f3 Rh6 14. h3 Qg3
15. Be1 Qg5 16. Kh2 Qxe3 17. Bd2 Qxd3 18. Bxh6 Qxd1 19. Raxd1 gxh6 20. d5 e5
21. f4 e4 22. g4 fxg4 23. hxg4 Na6 24. Rfe1 Rf8 25. Kg3 Nc5 26. a3 Nd3 27. Rxe4
Nxb2 28. Rd2 Na4 29. Rh2 Rf7 30. Rxh6 Nc5 31. Re8+ Kg7 32. g5 Ba6 33. Kg4 Bxc4
34. f5 Rf8 35. f6+ Kg8 36. Rxf8+ Kxf8 37. Rxh7 Be2+ 38. Kh4 Bd3 39. Rg7 Bf5 40.
Kh5 Ne4 41. Kh6 b5 42. Re7 a5 43. Re5 Nd6 44. g6 b4 45. Rxf5 Nxf5+ 46. Kh7 Nh6
47. Kxh6 Kg8 48. f7+ Kf8 49. Kh7 1-0

[Event "Scarborough CC ch"]
[Site "Toronto CAN"]
[Date "2010.03.04"]
[Round "2"]
[White "Yuan, Yuanling"]
[Black "Casareno, Erwin"]
[Result "1-0"]
[WhiteElo "2323"]
[BlackElo "2181"]
[PlyCount "74"]
[EventDate "2010.02.25"]
[EventType "tourn"]
[EventRounds "9"]
[EventCountry "CAN"]

1. e4 c5 2. Nf3 d6 3. d4 cxd4 4. Nxd4 Nf6 5. Nc3 Nc6 6. Bg5 Bd7 7. Qd2 Qb6 8.
Nb3 Be6 9. Be3 Qc7 10. f4 Bxb3 11. cxb3 e6 12. Be2 Be7 13. g4 a6 14. g5 Nd7 15.
O-O-O O-O-O 16. Kb1 Kb8 17. Rc1 Nc5 18. Rhd1 Qa5 19. Bf3 h6 20. h4 hxg5 21.
hxg5 Nb4 22. Qe2 Rc8 23. a3 Nxb3 24. axb4 Qa1+ 25. Kc2 Nxc1 26. Rxc1 Qa4+ 27.
Kb1 Qxb4 28. Na2 Qb3 29. Bg1 Rxc1+ 30. Nxc1 Qb4 31. Na2 Qb3 32. Nc1 Qb4 33. Qf2
Rc8 34. Qa7+ Kc7 35. Qd4 Qxd4 36. Bxd4 f6 37. g6 Rh8 1-0

[Event "Scarborough CC ch"]
[Site "Toronto CAN"]
[Date "2010.03.11"]
[Round "3"]
[White "Casareno, Erwin"]
[Black "Ferreira, Alex"]
[Result "1/2-1/2"]
[WhiteElo "2181"]
[BlackElo "2057"]
[PlyCount "114"]
[EventDate "2010.02.25"]
[EventType "tourn"]
[EventRounds "9"]
[EventCountry "CAN"]

1. e4 e5 2. Nf3 Nc6 3. Bc4 Nf6 4. Ng5 d5 5. exd5 Na5 6. Bb5+ c6 7. dxc6 bxc6 8.
Qf3 Qd5 9. Qxd5 Nxd5 10. Be2 Nf4 11. Rg1 f6 12. Nf3 Nxe2 13. Kxe2 e4 14. Ne1
Bc5 15. d3 Bg4+ 16. Kf1 exd3 17. Nxd3 Bd6 18. Bf4 Bxf4 19. Nxf4 O-O-O 20. Na3
Rhe8 21. f3 Bf5 22. g4 Be6 23. Nxe6 Rxe6 24. Re1 Red6 25. Rg2 Rd1 26. Rge2 h5
27. gxh5 R1d5 28. Re7 R8d7 29. h6 gxh6 30. R1e6 Rf5 31. b4 Rxf3+ 32. Ke2 Rxa3
33. bxa5 Rxe7 34. Rxe7 Rxa5 35. Rf7 Rxa2 36. Kd2 Ra5 37. Rxf6 Rh5 38. Rxc6+ Kb7
39. Rg6 Rxh2+ 40. Kd3 a5 41. Kc4 Rxc2+ 42. Kb5 a4 43. Kxa4 Rc6 44. Rg7+ Kb6 45.
Kb4 Rd6 46. Kc4 Kc6 47. Rh7 Kb6 48. Kb4 Rc6 49. Rg7 Re6 50. Kc4 Kc6 51. Kd4 Kd6
52. Rh7 Rg6 53. Ke4 Ke6 54. Kf4 Kf6 55. Ra7 Rg1 56. Ra6+ Kg7 57. Kf5 Rg5+
1/2-1/2

[Event "Scarborough CC ch"]
[Site "Toronto CAN"]
[Date "2010.03.11"]
[Round "3"]
[White "Hall, John"]
[Black "Peng, Bill"]
[Result "1-0"]
[WhiteElo "2238"]
[BlackElo "2186"]
[PlyCount "89"]
[EventDate "2010.02.25"]
[EventType "tourn"]
[EventRounds "9"]
[EventCountry "CAN"]

1. d4 Nf6 2. c4 e5 3. dxe5 Ng4 4. Bf4 Nc6 5. Nf3 Bb4+ 6. Nbd2 Qe7 7. a3 Bxd2+
8. Qxd2 Ngxe5 9. Nxe5 Nxe5 10. Bxe5 Qxe5 11. g3 O-O 12. Bg2 d6 13. O-O Be6 14.
Rac1 Rfe8 15. e3 Bf5 16. Qd5 c6 17. Qxe5 dxe5 18. Rfd1 Rad8 19. b4 Bg4 20. f3
Be6 21. Bf1 f5 22. Kf2 Kf7 23. f4 Kf6 24. Ke1 h6 25. Rxd8 Rxd8 26. Rd1 Rxd1+
27. Kxd1 exf4 28. exf4 Ke7 29. c5 Bb3+ 30. Kd2 Ke6 31. Kc3 Ba4 32. Bc4+ Kf6 33.
Kd4 a6 34. Be2 Bb3 35. Bf3 Ba4 36. Kc3 Ke6 37. g4 g6 38. h3 Kf6 39. Kd4 Bc2 40.
h4 fxg4 41. Bxg4 Bf5 42. Bf3 Be6 43. Be2 Bd7 44. a4 Be8 45. Bg4 1-0

[Event "Scarborough CC ch"]
[Site "Toronto CAN"]
[Date "2010.03.11"]
[Round "3"]
[White "Moffat, Andrei"]
[Black "Lamb, Bryan"]
[Result "1-0"]
[WhiteElo "2289"]
[BlackElo "2214"]
[PlyCount "61"]
[EventDate "2010.02.25"]
[EventType "tourn"]
[EventRounds "9"]
[EventCountry "CAN"]

1. e4 c5 2. Nc3 Nc6 3. Bc4 g6 4. d3 Bg7 5. f4 d6 6. Nf3 e6 7. O-O Nge7 8. Qe1
Nd4 9. Nxd4 cxd4 10. Ne2 O-O 11. Bb3 Kh8 12. Kh1 f5 13. Bd2 Bd7 14. Bb4 Bc8 15.
c3 a5 16. Ba3 b5 17. e5 dxe5 18. fxe5 dxc3 19. bxc3 a4 20. Bc2 Bxe5 21. Nf4 Bd6
22. Bb2 a3 23. Bc1 e5 24. Nh3 Ng8 25. Bb3 Qf6 26. Bg5 Qg7 27. d4 e4 28. Qe2 h6
29. Bf4 Be7 30. Bd5 Rb8 31. Bxb8 1-0

[Event "Scarborough CC ch"]
[Site "Toronto CAN"]
[Date "2010.03.11"]
[Round "3"]
[White "Pedersen, Rune"]
[Black "Yuan, Yuanling"]
[Result "0-1"]
[WhiteElo "2340"]
[BlackElo "2323"]
[PlyCount "40"]
[EventDate "2010.02.25"]
[EventType "tourn"]
[EventRounds "9"]
[EventCountry "CAN"]

1. Nc3 d5 2. e4 d4 3. Nce2 e5 4. Nf3 Bd6 5. Ng3 Be6 6. Nh5 Kf8 7. d3 h6 8. Be2
Nf6 9. Ng3 g6 10. h4 Qc8 11. Bd2 c5 12. Qc1 h5 13. Bh6+ Kg8 14. Qg5 Ng4 15.
Nxh5 Rxh6 16. Nxe5 Rxh5 17. Nxg4 Rxg5 18. Nf6+ Kf8 19. hxg5 Ke7 20. Rh4 Be5 0-1

[Event "Scarborough CC ch"]
[Site "Toronto CAN"]
[Date "2010.03.11"]
[Round "3"]
[White "Sellars, Karl"]
[Black "Hacatoglu, Kevork"]
[Result "1/2-1/2"]
[WhiteElo "2227"]
[BlackElo "2212"]
[PlyCount "46"]
[EventDate "2010.02.25"]
[EventType "tourn"]
[EventRounds "9"]
[EventCountry "CAN"]

1. d4 e6 2. e4 d5 3. e5 c5 4. c3 Qb6 5. Nf3 Nc6 6. a3 Nh6 7. b4 cxd4 8. cxd4
Nf5 9. Bb2 Bd7 10. Be2 Be7 11. O-O O-O 12. Bd3 f6 13. Bxf5 exf5 14. Nc3 Be6 15.
Na4 Qd8 16. Nc5 Bxc5 17. dxc5 Nxe5 18. Re1 Nxf3+ 19. Qxf3 Qd7 20. Qf4 Rfe8 21.
f3 Bf7 22. Kf2 Rxe1 23. Rxe1 Re8 1/2-1/2

[Event "Scarborough CC ch"]
[Site "Toronto CAN"]
[Date "2010.03.18"]
[Round "4"]
[White "Ferreira, Alex"]
[Black "Pedersen, Rune"]
[Result "0-1"]
[WhiteElo "2057"]
[BlackElo "2340"]
[PlyCount "85"]
[EventDate "2010.02.25"]
[EventType "tourn"]
[EventRounds "9"]
[EventCountry "CAN"]

1. d4 Nf6 2. Bg5 d5 3. Bxf6 gxf6 4. Nf3 c5 5. e3 Nc6 6. c3 Qb6 7. Qb3 Bf5 8.
Qxb6 axb6 9. Na3 cxd4 10. Nxd4 Bd7 11. Be2 e6 12. Nac2 Rg8 13. O-O f5 14. a3 f4
15. exf4 Bd6 16. f5 e5 17. Nb5 Bb8 18. Ne3 d4 19. Nd5 Bxf5 20. cxd4 Kf8 21. Ne3
Be4 22. f3 exd4 23. fxe4 dxe3 24. Rf3 Be5 25. Raf1 f6 26. Rxf6+ Bxf6 27. Rxf6+
Ke7 28. Rf3 Rad8 29. Rxe3 Rd2 30. Nc7 Nd4 31. Nd5+ Kd6 32. Bf1 Rf8 33. Nc3 Rxb2
34. e5+ Ke7 35. Rh3 Rc2 36. Nd5+ Ke6 37. Nf6 Rf7 38. Re3 Rc1 39. Kf2 Rfc7 40.
Bd3 Nf5 41. Re2 R1c5 42. g4 Nh6 43. g5 0-1

[Event "Scarborough CC ch"]
[Site "Toronto CAN"]
[Date "2010.03.18"]
[Round "4"]
[White "Hacatoglu, Kevork"]
[Black "Casareno, Erwin"]
[Result "1-0"]
[WhiteElo "2212"]
[BlackElo "2181"]
[PlyCount "71"]
[EventDate "2010.02.25"]
[EventType "tourn"]
[EventRounds "9"]
[EventCountry "CAN"]

1. e4 c5 2. Nf3 d6 3. d4 cxd4 4. Nxd4 Nf6 5. Nc3 a6 6. f4 b5 7. e5 dxe5 8. fxe5
Ng4 9. Ncxb5 Nxh2 10. e6 Nxf1 11. exf7+ Kxf7 12. Rxf1+ Ke8 13. Qh5+ g6 14. Qe5
axb5 15. Qxh8 Bf5 16. Ne6 Qd6 17. Ng7+ Kf7 18. Nxf5 gxf5 19. Rxf5+ Ke6 20. Qxf8
Qb4+ 21. Kf1 Qc4+ 22. Kg1 Qd4+ 23. Rf2 Nc6 24. Qf5+ Kd6 25. Qd3 e5 26. Be3 Qxd3
27. cxd3 Nb4 28. d4 e4 29. a3 Nd3 30. Rf6+ Kd5 31. b3 Rc8 32. Rf5+ Kc6 33. a4
bxa4 34. bxa4 Ra8 35. a5 Ra7 36. d5+ 1-0

[Event "Scarborough CC ch"]
[Site "Toronto CAN"]
[Date "2010.03.18"]
[Round "4"]
[White "Lamb, Bryan"]
[Black "Hall, John"]
[Result "1/2-1/2"]
[WhiteElo "2214"]
[BlackElo "2238"]
[PlyCount "104"]
[EventDate "2010.02.25"]
[EventType "tourn"]
[EventRounds "9"]
[EventCountry "CAN"]

1. Nc3 Nf6 2. d4 d5 3. Bg5 Nbd7 4. f3 h6 5. Bxf6 Nxf6 6. e4 e6 7. exd5 exd5 8.
Bd3 c5 9. Bb5+ Bd7 10. Qe2+ Be7 11. dxc5 O-O 12. O-O-O a6 13. Bxd7 Qxd7 14. Qd3
Bxc5 15. Nxd5 Nxd5 16. Qxd5 Be3+ 17. Kb1 Qxd5 18. Rxd5 Rad8 19. Rd3 Rxd3 20.
cxd3 Rd8 21. Ne2 Rxd3 22. Nc3 Bf4 23. Ne2 Be5 24. Kc2 Rd6 25. f4 Rc6+ 26. Kb1
Bf6 27. Rd1 Re6 28. Rd2 Kf8 29. Kc2 Rc6+ 30. Kd1 Ke8 31. b3 Rc7 32. Rd3 Rd7 33.
Kd2 Rxd3+ 34. Kxd3 Kd7 35. Ke4 Kd6 36. Nc1 Bc3 37. g4 g6 38. h4 Ke6 39. f5+
gxf5+ 40. gxf5+ Kf6 41. Nd3 b6 42. Nf4 Be1 43. Nd5+ Kg7 44. h5 Bf2 45. f6+ Kf8
46. b4 Ke8 47. Ke5 Kd7 48. Ne7 Be3 49. a3 b5 50. Nf5 Bd2 51. Nd6 Bc1 52. Nxf7
Bxa3 1/2-1/2

[Event "Scarborough CC ch"]
[Site "Toronto CAN"]
[Date "2010.03.25"]
[Round "5"]
[White "Hall, John"]
[Black "Yuan, Yuanling"]
[Result "1/2-1/2"]
[WhiteElo "2323"]
[BlackElo "2238"]
[PlyCount "88"]
[EventDate "2010.02.25"]
[EventType "tourn"]
[EventRounds "9"]
[EventCountry "CAN"]

1. d4 Nf6 2. c4 g6 3. Nc3 Bg7 4. e4 d6 5. Nf3 O-O 6. Be2 e5 7. O-O Nc6 8. d5
Ne7 9. Bd2 Nh5 10. Ne1 Nf4 11. Nd3 g5 12. Nxf4 exf4 13. Bg4 Ng6 14. Bxc8 Qxc8
15. Qh5 Qd8 16. Ne2 f5 17. exf5 Rxf5 18. Bc3 f3 19. Nd4 fxg2 20. Nxf5 gxf1=Q+
21. Rxf1 Bxc3 22. bxc3 Qf6 23. Nd4 Nf4 24. Qg4 h5 25. Qd7 Qf7 26. Qxf7+ Kxf7
27. Rb1 b6 28. Re1 a6 29. Re3 b5 30. cxb5 axb5 31. Nxb5 Rxa2 32. h4 Nxd5 33.
Rf3+ Kg6 34. hxg5 Kxg5 35. c4 Nf4 36. Nxc7 h4 37. Nb5 Kg4 38. Re3 Nh3+ 39. Kf1
Rxf2+ 40. Ke1 Rf6 41. Rd3 Nf4 42. Rxd6 Rxd6 43. Nxd6 Kf3 44. Kf1 Ne2 1/2-1/2

[Event "Scarborough CC ch"]
[Site "Toronto CAN"]
[Date "2010.03.25"]
[Round "5"]
[White "Lamb, Bryan"]
[Black "Peng, Bill"]
[Result "1-0"]
[WhiteElo "2214"]
[BlackElo "2186"]
[PlyCount "56"]
[EventDate "2010.02.25"]
[EventType "tourn"]
[EventRounds "9"]
[EventCountry "CAN"]

1. c4 c6 2. Nf3 d5 3. b3 Nf6 4. Bb2 Bf5 5. d3 h6 6. Nbd2 e6 7. g3 Be7 8. Bg2
O-O 9. O-O Nbd7 10. Qc2 Bh7 11. Rad1 a5 12. Ne5 Nxe5 13. Bxe5 Nd7 14. Bb2 Bf6
15. e4 Bxb2 16. Qxb2 Nc5 17. Qd4 Qe7 18. exd5 cxd5 19. cxd5 e5 20. d6 exd4 21.
dxe7 Rfe8 22. Rc1 Rac8 23. Rfe1 b6 24. Be4 Bxe4 25. Nxe4 Rxe7 26. Nf6+ Kf8 27.
Rxe7 Kxe7 28. Nd5+ Kd6 1-0

[Event "Scarborough CC ch"]
[Site "Toronto CAN"]
[Date "2010.03.25"]
[Round "5"]
[White "Pedersen, Rune"]
[Black "Hacatoglu, Kevork"]
[Result "1-0"]
[WhiteElo "2340"]
[BlackElo "2212"]
[PlyCount "61"]
[EventDate "2010.02.25"]
[EventType "tourn"]
[EventRounds "9"]
[EventCountry "CAN"]

1. e4 e6 2. d4 d5 3. Nc3 Bb4 4. e5 c5 5. Bd2 Nh6 6. f4 O-O 7. Nf3 Nc6 8. a3
Bxc3 9. bxc3 f6 10. Bd3 cxd4 11. cxd4 fxe5 12. fxe5 Nxd4 13. O-O Ndf5 14. Ng5
Bd7 15. Rb1 Qc7 16. g4 Qc5+ 17. Kh1 Ne3 18. Rxf8+ Rxf8 19. Bb4 Qxb4 20. axb4
Nxd1 21. Bxh7+ Kh8 22. Rxd1 Nxg4 23. Re1 Rf4 24. Kg2 Nh6 25. h3 Nf5 26. b5 d4
27. Ra1 Bxb5 28. Rxa7 Bc6+ 29. Kg1 g6 30. Ra8+ Kg7 31. Nxe6+ 1-0

[Event "Scarborough CC ch"]
[Site "Toronto CAN"]
[Date "2010.04.01"]
[Round "6"]
[White "Ferreira, Alex"]
[Black "Hall, John"]
[Result "1/2-1/2"]
[WhiteElo "2057"]
[BlackElo "2238"]
[PlyCount "104"]
[EventDate "2010.02.25"]
[EventType "tourn"]
[EventRounds "9"]
[EventCountry "CAN"]

1. e4 e5 2. Nf3 Nc6 3. Bb5 a6 4. Bxc6 dxc6 5. O-O Bg4 6. h3 Bxf3 7. Qxf3 Qd7 8.
d3 f6 9. Be3 O-O-O 10. Nd2 h5 11. Nb3 g5 12. d4 g4 13. Qg3 Bd6 14. f4 gxf3 15.
Qxf3 Ne7 16. Qxf6 exd4 17. Bxd4 Rhg8 18. Rf3 Ng6 19. Nc5 Qe7 20. Qxe7 Bxe7 21.
Nb3 Nh4 22. Rf2 b6 23. Kh1 c5 24. Be3 Bd6 25. Raf1 Rd7 26. Nd2 Rdg7 27. Bf4
Bxf4 28. Rxf4 Nxg2 29. Rf8+ Rxf8 30. Rxf8+ Kd7 31. Rf5 h4 32. c3 Ke6 33. Nf3
Ne3 34. Rh5 Rg3 35. Rh6+ Ke7 36. Nxh4 Kf7 37. Nf5 Nxf5 38. exf5 Rd3 39. Rg6
Rxh3+ 40. Kg2 Rd3 41. Kf1 Rd2 42. b3 Rxa2 43. Rc6 Rb2 44. Rxc7+ Kf6 45. Rc6+
Kxf5 46. Rxb6 a5 47. Rb5 Ke4 48. Ke1 Kd3 49. c4 Kd4 50. Kd1 Kc3 51. Rxa5 Rxb3
52. Rxc5 Rb4 1/2-1/2

[Event "Scarborough CC ch"]
[Site "Toronto CAN"]
[Date "2010.04.01"]
[Round "6"]
[White "Hacatoglu, Kevork"]
[Black "Moffat, Andrei"]
[Result "1/2-1/2"]
[WhiteElo "2212"]
[BlackElo "2289"]
[PlyCount "79"]
[EventDate "2010.02.25"]
[EventType "tourn"]
[EventRounds "9"]
[EventCountry "CAN"]

1. e4 c5 2. Nf3 Nc6 3. d4 cxd4 4. Nxd4 Qb6 5. Nb3 Nf6 6. Nc3 e6 7. Be3 Qc7 8.
Bd3 d6 9. f4 a6 10. Qf3 Be7 11. g4 Nd7 12. O-O-O b5 13. g5 Nb6 14. Kb1 Na4 15.
Ne2 e5 16. f5 Nb4 17. Ng3 Bb7 18. Nh5 Bf8 19. f6 g6 20. Ng7+ Bxg7 21. fxg7 Rg8
22. a3 Nc6 23. c4 b4 24. c5 bxa3 25. cxd6 Qd7 26. Bf1 Rxg7 27. Bh3 Qd8 28. Nc5
Nxc5 29. Bxc5 Kf8 30. Qf6 axb2 31. Be6 Kg8 32. Rhf1 Qa5 33. Bxf7+ Kh8 34. Ba2
Ne7 35. dxe7 Bxe4+ 36. Kxb2 Rb8+ 37. Bb3 Qxc5 38. Qf8+ Rg8 39. Qf6+ Rg7 40.
Qf8+ 1/2-1/2

[Event "Scarborough CC ch"]
[Site "Toronto CAN"]
[Date "2010.04.01"]
[Round "6"]
[White "Peng, Bill"]
[Black "Casareno, Erwin"]
[Result "0-1"]
[WhiteElo "2186"]
[BlackElo "2181"]
[PlyCount "92"]
[EventDate "2010.02.25"]
[EventType "tourn"]
[EventRounds "9"]
[EventCountry "CAN"]

1. b3 e5 2. Bb2 Nc6 3. e3 d5 4. Bb5 Bd6 5. f4 Qe7 6. Nf3 Bg4 7. fxe5 Bxe5 8.
Bxe5 Bxf3 9. Qxf3 Qxe5 10. O-O Nf6 11. Nc3 O-O 12. Bxc6 bxc6 13. Rae1 Rae8 14.
Qf4 Qd6 15. d3 Re7 16. h3 Rfe8 17. Qf2 Nh5 18. e4 Ng3 19. Qxa7 Nxf1 20. Rxf1
Qb4 21. Nd1 dxe4 22. dxe4 Qxe4 23. Qf2 Qe2 24. Nc3 Qxf2+ 25. Rxf2 Re1+ 26. Rf1
R8e3 27. Kf2 Rxf1+ 28. Kxe3 Kf8 29. a4 Ke8 30. a5 Kd8 31. Ne4 Kc8 32. Kd4 Rf5
33. b4 Rd5+ 34. Kc4 f5 35. Nc5 g5 36. b5 Rd2 37. Kc3 Rd6 38. Kb4 cxb5 39. Kxb5
h5 40. c4 g4 41. hxg4 fxg4 42. Ne4 Rd4 43. Ng5 h4 44. a6 Kb8 45. c5 Rd5 46. Ne6
h3 0-1

[Event "Scarborough CC ch"]
[Site "Toronto CAN"]
[Date "2010.04.01"]
[Round "6"]
[White "Sellars, Karl"]
[Black "Pedersen, Rune"]
[Result "0-1"]
[WhiteElo "2227"]
[BlackElo "2340"]
[PlyCount "44"]
[EventDate "2010.02.25"]
[EventType "tourn"]
[EventRounds "9"]
[EventCountry "CAN"]

1. d4 Nf6 2. c4 e6 3. Nc3 Bb4 4. Qc2 d5 5. a3 Bxc3+ 6. Qxc3 Ne4 7. Qc2 e5 8. e3
exd4 9. cxd5 Qxd5 10. Nf3 Nd6 11. Nxd4 O-O 12. f3 Re8 13. Be2 c5 14. Nb3 Bf5
15. Qc3 c4 16. Nd4 b5 17. O-O Nc6 18. Nxc6 Qxc6 19. e4 Be6 20. b4 Red8 21. Bb2
Ne8 22. Rae1 f6 0-1

[Event "Scarborough CC ch"]
[Site "Toronto CAN"]
[Date "2010.04.01"]
[Round "6"]
[White "Yuan, Yuanling"]
[Black "Lamb, Bryan"]
[Result "1-0"]
[WhiteElo "2323"]
[BlackElo "2214"]
[PlyCount "70"]
[EventDate "2010.02.25"]
[EventType "tourn"]
[EventRounds "9"]
[EventCountry "CAN"]

1. e4 d6 2. d4 g6 3. Nc3 Bg7 4. f4 Nf6 5. Nf3 c5 6. dxc5 Qa5 7. Bd3 Qxc5 8. Qe2
O-O 9. Be3 Qa5 10. O-O Nc6 11. h3 Rb8 12. a4 Nh5 13. Qf2 Bxc3 14. bxc3 Qxc3 15.
f5 Ne5 16. Nxe5 Qxe5 17. Bxa7 Ra8 18. Bd4 Qg3 19. Qd2 f6 20. Rf3 Qh4 21. Bf2
Qg5 22. Be3 Qh4 23. Kh2 Ng7 24. Rf4 Qh6 25. g3 gxf5 26. exf5 Qh5 27. Raf1 Qf7
28. Bc4 e6 29. Qxd6 Bd7 30. fxe6 Bxe6 31. Bd3 Rad8 32. Qb6 Qh5 33. Rh4 Qe5 34.
Bd4 Qg5 35. Bxh7+ Kh8 1-0